[Event "Nuremberg Zabo op 12th"]
[Site "Nuremberg"]
[Date "2010.09.19"]
[Round "5"]
[White "Meyer, Stefan1"]
[Black "Maenner, Markus"]
[Result "1/2-1/2"]
[WhiteElo "1088"]
[BlackElo "952"]
[PlyCount "136"]
[EventDate "2010.09.17"]
[EventType "swiss"]
[EventRounds "5"]
[EventCountry "GER"]
[SourceTitle "EXT 2011"]
[Source "ChessBase"]
[SourceDate "2010.11.26"]
[SourceVersion "1"]
[SourceVersionDate "2010.11.26"]
[SourceQuality "1"]

1. c4 c6 2. g3 e5 3. Bg2 Nf6 4. d4 e4 5. Nc3 d5 6. cxd5 cxd5 7. Qa4+ Nc6 8. Bg5 Be7 9. e3 0-0 10. a3 h6 11. Bxf6 Bxf6 12. Qb3 Na5 13. Qa2 Be6 14. Nge2 Rc8 15. 0-0 Qb6 16. Na4 Qb5 17. Nec3 Qc6 18. Rac1 Qe8 19. Rc2 b6 20. Rfc1 Qd7 21. f3 exf3 22. Bxf3 Rfd8 23. Nxd5 Bxd5 24. Bxd5 Rxc2 25. Rxc2 Qxd5 26. Qxd5 Rxd5 27. Rc7 Bg5 28. Kf2 Rd6 29. h4 Bd8 30. Rxa7 f6 31. Ra8 Kh7 32. Nc3 Nc4 33. Nb5 Rd7 34. b3 Nd6 35. Nc3 Kg6 36. b4 Kf5 37. Kf3 g5 38. g4+ Kg6 39. h5+ Kf7 40. d5 f5 41. a4 fxg4+ 42. Kxg4 Kf6 43. a5 bxa5 44. bxa5 Nc4 45. a6 Nxe3+ 46. Kf3 Nxd5 47. Ne4+ Ke7 48. Rb8 Bb6 49. Nc3 Nxc3 50. Rxb6 Rd3+ 51. Kg4 Nd5 52. Rb7+ Kd6 53. Rb8 Ra3 54. Ra8 Nc7 55. Rd8+ Kc5 56. Rd7 Nxa6 57. Rh7 Nb4 58. Rxh6 Nd5 59. Kxg5 Ra4 60. Kf5 Ne7+ 61. Ke5 Rd4 62. Rh7 Rd5+ 63. Ke4 Ng8 64. Kf4 Nf6 65. Rf7 Nxh5+ 66. Ke4 Ng3+ 67. Kf4 Ne2+ 68. Kg4 Re5 1/2-1/2